<?xml version="1.0" encoding="UTF-8"?>
<record
    xmlns:xsi="http://www.w3.org/2001/XMLSchema-instance"
    xsi:schemaLocation="http://www.loc.gov/MARC21/slim http://www.loc.gov/standards/marcxml/schema/MARC21slim.xsd"
    xmlns="http://www.loc.gov/MARC21/slim">

  <leader>03375nam a2200541Ia 4500</leader>
  <controlfield tag="001">817</controlfield>
  <controlfield tag="008">241029s9999    xx            000 0 und d</controlfield>
  <datafield tag="010" ind1=" " ind2=" ">
    <subfield code="a">740</subfield>
  </datafield>
  <datafield tag="041" ind1=" " ind2=" ">
    <subfield code="a">Espa&#xF1;ol</subfield>
  </datafield>
  <datafield tag="082" ind1=" " ind2=" ">
    <subfield code="a">NO APLICA</subfield>
  </datafield>
  <datafield tag="245" ind1=" " ind2="0">
    <subfield code="a">Correspondencia del desempe&#xF1;o laboral de los egresados de la carrera de Contabilidad con el campo de actuaci&#xF3;n, caso: Centro Universitario Regional del Suroeste (CURSO).</subfield>
  </datafield>
  <datafield tag="260" ind1=" " ind2=" ">
    <subfield code="a">Barahona</subfield>
  </datafield>
  <datafield tag="300" ind1=" " ind2=" ">
    <subfield code="a">81</subfield>
  </datafield>
  <datafield tag="520" ind1=" " ind2=" ">
    <subfield code="a">9</subfield>
  </datafield>
  <datafield tag="630" ind1=" " ind2=" ">
    <subfield code="a">Desempe&#xF1;o Profesional</subfield>
  </datafield>
  <datafield tag="630" ind1=" " ind2=" ">
    <subfield code="a">Egresados</subfield>
  </datafield>
  <datafield tag="630" ind1=" " ind2=" ">
    <subfield code="a">Evaluaci&#xF3;n</subfield>
  </datafield>
  <datafield tag="650" ind1=" " ind2=" ">
    <subfield code="a">Ense&#xF1;anza</subfield>
  </datafield>
  <datafield tag="690" ind1=" " ind2=" ">
    <subfield code="a">Elaborado</subfield>
  </datafield>
  <datafield tag="700" ind1=" " ind2=" ">
    <subfield code="e">asesor</subfield>
    <subfield code="a">D&#xED;az , Luis</subfield>
  </datafield>
  <datafield tag="700" ind1=" " ind2=" ">
    <subfield code="e">autor</subfield>
    <subfield code="a">F&#xE9;liz Medina, Lucrecia Altagracia </subfield>
  </datafield>
  <datafield tag="901" ind1=" " ind2=" ">
    <subfield code="a">{"1":"F&#xE9;liz Medina"}</subfield>
    <subfield code="b">{"1":"Lucrecia Altagracia "}</subfield>
  </datafield>
  <datafield tag="902" ind1=" " ind2=" ">
    <subfield code="a">1</subfield>
  </datafield>
  <datafield tag="903" ind1=" " ind2=" ">
    <subfield code="a">{"1":"D&#xED;az "}</subfield>
    <subfield code="b">{"1":"Luis"}</subfield>
  </datafield>
  <datafield tag="904" ind1=" " ind2=" ">
    <subfield code="a">Maestr&#xED;a en</subfield>
  </datafield>
  <datafield tag="905" ind1=" " ind2=" ">
    <subfield code="a">Ense&#xF1;anza Superior</subfield>
  </datafield>
  <datafield tag="906" ind1=" " ind2=" ">
    <subfield code="a">2</subfield>
  </datafield>
  <datafield tag="907" ind1=" " ind2=" ">
    <subfield code="a">NO APLICA</subfield>
  </datafield>
  <datafield tag="908" ind1=" " ind2=" ">
    <subfield code="a">NO APLICA</subfield>
  </datafield>
  <datafield tag="909" ind1=" " ind2=" ">
    <subfield code="a">Universidad Aut&#xF3;noma de Santo Domingo (UASD)</subfield>
  </datafield>
  <datafield tag="910" ind1=" " ind2=" ">
    <subfield code="a">NULL</subfield>
    <subfield code="b">NULL</subfield>
  </datafield>
  <datafield tag="911" ind1=" " ind2=" ">
    <subfield code="a">["1"]</subfield>
  </datafield>
  <datafield tag="912" ind1=" " ind2=" ">
    <subfield code="a">NO APLICA</subfield>
  </datafield>
  <datafield tag="913" ind1=" " ind2=" ">
    <subfield code="a">NULL</subfield>
  </datafield>
  <datafield tag="914" ind1=" " ind2=" ">
    <subfield code="a">01 de Mayo de 2012</subfield>
  </datafield>
  <datafield tag="915" ind1=" " ind2=" ">
    <subfield code="a">22/11/19 06:11</subfield>
  </datafield>
  <datafield tag="916" ind1=" " ind2=" ">
    <subfield code="a">NULL</subfield>
  </datafield>
  <datafield tag="917" ind1=" " ind2=" ">
    <subfield code="a">NULL</subfield>
  </datafield>
  <datafield tag="918" ind1=" " ind2=" ">
    <subfield code="a">NO APLICA</subfield>
  </datafield>
  <datafield tag="919" ind1=" " ind2=" ">
    <subfield code="a">["63","85","97"]</subfield>
  </datafield>
  <datafield tag="520" ind1=" " ind2=" ">
    <subfield code="a">Los objetivos principales del estudio consistieron en evaluar los niveles de satisfacci&#xF3;n alcanzado por los profesionales del &#xE1;rea de la Contabilidad, describir las caracter&#xED;sticas demogr&#xE1;ficas de la poblaci&#xF3;n de contadores(as) y establecer el nivel de correspondencia del desempe&#xF1;o profesional de los egresados de dicha carrera.&#xA0;La metodolog&#xED;a utilizada fue de tipo exploratorio descriptiva con un enfoque cuantitativo. Se utiliz&#xF3; con t&#xE9;cnicas la entrevista, el an&#xE1;lisis documental y el an&#xE1;lisis estad&#xED;stico y como instrumento el cuestionario.Se trabaj&#xF3; con una poblaci&#xF3;n de quinientos sesenta (560) profesionales del &#xE1;rea de la Contabilidad egresados del Centro Universitario Regional del Suroeste (curso) y como muestra se tom&#xF3; cincuenta y seis (56) profesionales de dicha &#xE1;rea.El estudio concluy&#xF3; que los profesionales se encuentran la gran mayor&#xED;a ubicados en su &#xE1;rea competencial, con excepci&#xF3;n de un 22.64% de ellos (as) que desempe&#xF1;o funciones de director de escuela, secretaria, vendedor y recepcionista que la mayor&#xED;a de ellos a&#xFA;n est&#xE1;n solteros, que es notorio el segmento poblacional que tiene m&#xE1;s de cinco (5) a&#xF1;os de haber terminados sus estudios universitarios, es decir, en el ejercicio de la profesi&#xF3;n son experimentados (as) donde se not&#xF3; que la gran mayor&#xED;a est&#xE1; en edades superiores de a los veintisiete (27) a&#xF1;os.El estudio recomend&#xF3;, que las profesiones deben mantener una vinculaci&#xF3;n permanente entre ellos, a los fines de garantizar la unidad en el plano profesional, potenciar el desarrollo de peque&#xF1;as empresas productivas y de asesor&#xED;as, entre otras, de manera comparativa. De modo, que garanticen que los contadores puedan acezar a formas diversas de empleo y protegerse econ&#xF3;mica y socialmente hablando. Adem&#xE1;s, incentivar de manera positiva el ejercicio de la profesi&#xF3;n mejorando los sueldos y salarios que los contadores devengan por conceptos de los puestos que desempe&#xF1;an en sus empresas.</subfield>
  </datafield>
  <datafield tag="921" ind1=" " ind2=" ">
    <subfield code="a">16</subfield>
  </datafield>
  <datafield tag="922" ind1=" " ind2=" ">
    <subfield code="a">16</subfield>
  </datafield>
  <datafield tag="923" ind1=" " ind2=" ">
    <subfield code="a">0</subfield>
  </datafield>
  <datafield tag="924" ind1=" " ind2=" ">
    <subfield code="a">NO APLICA</subfield>
  </datafield>
  <datafield tag="942" ind1=" " ind2=" ">
    <subfield code="c">Tesis</subfield>
  </datafield>
  <datafield tag="999" ind1=" " ind2=" ">
    <subfield code="c">740</subfield>
    <subfield code="d">740</subfield>
  </datafield>
</record>
